|
|
|
|
| LEADER |
00000nam2a2200000 4500 |
| 001 |
47171 |
| 005 |
20231031025705.0 |
| 035 |
|
|
|a (RuTPU)RU\TPU\book\49267
|
| 090 |
|
|
|a 47171
|
| 100 |
|
|
|a 20030204d1976 k y0rusy50 ca
|
| 101 |
0 |
|
|a rus
|
| 102 |
|
|
|a RU
|
| 105 |
|
|
|a a z 001zy
|
| 200 |
0 |
|
|a Т. 19. Хабаровский край и Амурская область. Полезные ископаемые
|f под ред. В. В. Онихимовского и др.
|
| 210 |
|
|
|d 1976
|
| 215 |
|
|
|a 271 с.
|c ил.
|
| 320 |
|
|
|a Библиогр.: с. 261.
|
| 320 |
|
|
|a Предм. указ.: с. 262-269.
|
| 461 |
|
1 |
|0 (RuTPU)RU\TPU\book\49176
|t Геология СССР
|f Гл. ред. А. В. Сидоренко
|v Т. 19. Хабаровский край и Амурская область. Полезные ископаемые
|d 1957-
|
| 610 |
1 |
|
|a геология
|
| 610 |
1 |
|
|a СССР
|
| 610 |
1 |
|
|a Россия
|
| 610 |
1 |
|
|a Хабаровский край
|
| 610 |
1 |
|
|a Амурская область
|
| 610 |
1 |
|
|a полезные ископаемые
|
| 675 |
|
|
|a 55(с)
|v 3
|
| 675 |
|
|
|a 553(с19)
|v 3
|
| 702 |
|
1 |
|a Онихимовский
|b В. В.
|4 340
|
| 702 |
|
1 |
|a Дацко
|b Е. К.
|4 340
|
| 702 |
|
1 |
|a Леонтович
|b А. А.
|4 340
|
| 801 |
|
1 |
|a RU
|b 63413507
|c 20030204
|g PSBO
|
| 801 |
|
2 |
|a RU
|b 63413507
|c 20060705
|g PSBO
|
| 942 |
|
|
|c BK
|